Voda ako konfliktný faktor rozvoja Strednej Ázie

Zhoršovanie konfliktného charakteru v oblasti vody pôsobením vzájomne prepojených sociálnych, politických a ekonomických faktorov. Súčasný stav vodnej problematiky v postsovietskej Strednej Ázii a upozornenie na neochotu zúčastnených krajín dohodnúť sa a hľadať spôsoby riešenia.

Enregistré dans:
Détails bibliographiques
Auteur principal: Čech, Ľubomír, 1955-
Format: Chapitre de livre
Langue:slovaque
Sujets:
Tags: Ajouter un tag
Pas de tags, Soyez le premier à ajouter un tag!

MARC

LEADER 00000nla a2200000 4500
001 0241142
005 20240502073925.9
041 0 |a slo 
044 |a SK 
245 1 0 |a Voda ako konfliktný faktor rozvoja Strednej Ázie  |c Ľubomír Čech 
520 |a Zhoršovanie konfliktného charakteru v oblasti vody pôsobením vzájomne prepojených sociálnych, politických a ekonomických faktorov. Súčasný stav vodnej problematiky v postsovietskej Strednej Ázii a upozornenie na neochotu zúčastnených krajín dohodnúť sa a hľadať spôsoby riešenia. 
610 2 0 |a politika medzinárodná 
610 2 0 |a Organizácia spojených národov 
610 2 0 |a projekty medzinárodné 
610 2 0 |a hospodárstvo energetické 
610 2 0 |a bezpečnosť medzinárodná 
610 2 0 |a voda 
610 2 0 |a zdroje vodné 
610 2 0 |a energia vodná 
610 2 0 |a siete vodovodné 
610 2 0 |a stredná Ázia 
100 1 |a Čech, Ľubomír, 1955-